00668nam a22001697a 4500003000500000038001800005082000800023100002800031245014400059264003300203650004600236700004100282856005700323942001200380999001900392952008700411NUST aNusrat Nadeem a200 aZaheer, Shireen9133134 aEvaluating the Impact of Air Pollution on Income Inequality in Asia: The Role of Government through Public Health Policy/cShireen Zaheer,  aIslamabad:bS3H NUST.c2025. aMS- Government and Public Policy 9125323 aSupervisor: Dr. Uzair Hashmi9125689 uhttp://10.250.8.41:8080/xmlui/handle/123456789/57307 2ddccSC c616143d616143 00104070aCLbCLcTHEd2026-02-09l0o200pCL-T-7764r2026-02-09w2026-02-09ySC